Дело по вопросу об улучшении материального положения и пенсионных прав директора Николаевской главной астрономической обсерватор...

Доступно только в Электронных читальных залах Найти на картеНа карте
RUSMARC
00003760nmc2a22000003x 450
0013fcae1cb-7981-4817-b5b5-a5e9ce6f9a95
00520180620121952.0
100##$a20160323l18821882k l0rusy0189 ca
1010#$arus
102##$aRU
2001#$aДело по вопросу об улучшении материального положения и пенсионных прав директора Николаевской главной астрономической обсерватории
$j22 января - 15 июля 1882 г.
251##$cДело
300##$aДело
801#0$aRU
$bРГИА
$c20160323
$gRCR
801#1$aRU
$bГлавНИВЦ
$c20160323
$2rusmarc
801#2$aRU
$bПБ им. Б.Н. Ельцина
$c20180620
$gRCR
$2rusmarc
850##$aРГИА
852##$aРГИА
$eФедеральное казенное учреждение "Российский государственный исторический архив" (РГИА)
$j780
937##$hРГИА
$d12194927
$aASBIBLIO_SCAN
462#0$1001bddc07d4-03e3-4f2f-a715-f0b0b4a2fdca
$12001
$aДела по ученым учреждениям Департамента народного просвещения за 1863-1895 гг.
$1251
$cОпись
$1852
$j142
461#0$1001a74412a3-3cc5-4d21-8f0a-dfe2fbd9e72d
$12001
$aДепартамент народного просвещения Министерства народного просвещения (1803-1917)
$1251
$cФонд
$1852
$j733
215##$a18 л.
$d36,5х26 см
371##$aДокумент не является опубликованным и широко распространяемым
105##$ay###
1222#$ad
035##$a3fcae1cb-7981-4817-b5b5-a5e9ce6f9a95
856##$uhttp://readingroom.main.prlib.ru/item.aspx?id_node=n116274638&mode=full
Формат отображения